000
00283cam a2200097ua 4500
082
_a
631.586
_b
IND/RO
245
_a
Role of Agricultural Engineering in Dryland Agriculture
260
_a
New Delhi :
_b
Indian Society of Agricultural Engineers ,
_c
1987.
300
_a
273 ; .
942
_c
REF
999
_c
5955
_d
5955